000 00808nam a2200241 a 4500
001 BRCA_6658
005 20190320205539.0
008 111011s1894----gw-#######---#000-0#eng-#
041 _aeng
044 _agw
050 4 _aPZ3
_b.B75 15 1894
100 1 _aTwain, Mark
_d1835-1910
_q(Samuel L. Clemens)
_914927
245 1 0 _aTom Sawyer abroad
_cby Mark Twain.
260 _aLeipzig, Alemania
_bBernhard Tauchnitz
_c1894
300 _a262 p.
_c16 cm.
440 0 _aCollection of British authors. Tauchnitz edition
_vv. 2984
_916670
500 _aVer tambiƩn CEF6, H144, L2, L15, L16, L17, L18, L19, L20, L22, L23, L24, L25, L26, L27, L32, N9, N11, N12, N13 y N17
500 _aL166
650 1 4 _aLiteratura estadounidense
_916671
650 1 4 _aLiteratura inglesa
_916672
902 _aGFM
942 _2lcc
_cB
999 _c6342
_d6342